书目信息 |
| 题名: |
分支与混沌在二维动力学模型中的应用
|
|
| 作者: | 袁少良 著 | |
| 分册: | ||
| 出版信息: | 北京 科学技术文献出版社 2016.12 |
|
| 页数: | 117页 | |
| 开本: | 24cm | |
| 丛书名: | ||
| 单 册: | ||
| 中图分类: | O19 | |
| 科图分类: | ||
| 主题词: | 动力系统(数学)--研究 | |
| 电子资源: | ||
| ISBN: | 978-7-5189-2194-2 | |
| 000 | 00998nam0 2200253 450 | |
| 001 | 0400001141 | |
| 005 | 20171014160402.0 | |
| 010 | @a978-7-5189-2194-2@dCNY42.00 | |
| 100 | @a20171014e20172016em y0chiy ea | |
| 101 | 0 | @achi |
| 102 | @aCN@b110000 | |
| 105 | @aa az 000yy | |
| 106 | @ar | |
| 200 | 1 | @a分支与混沌在二维动力学模型中的应用@9fen zhi yu hun dun zai er wei dong li xue mo xing zhong de ying yong@f袁少良著 |
| 210 | @a北京@c科学技术文献出版社@d2016.12@h2017.7 | |
| 215 | @a117页@c图@d24cm | |
| 314 | @a袁少良,男,博士,宜春学院数学与计算机科学学院讲师。2012年毕业于湖南大学应用数学专业,发表学术论文10余篇。 | |
| 320 | @a有书目(第112-117页) | |
| 330 | @a本书主要是应用分支与混沌理论,分析2类连续与离散二维动力系统的分支与混沌情况。有利于加深数学专业的高年级本科生与研究生对动力系统分支与混沌理论的理解与应用。 | |
| 606 | 0 | @a动力系统(数学)@x研究 |
| 690 | @aO19@v5 | |
| 701 | 0 | @a袁少良@9yuan shao liang@4著 |
| 801 | 0 | @aCN@b91MARC@c20171014 |
| 905 | @b1020096-100@dO19@f5@e58 | |
| 分支与混沌在二维动力学模型中的应用/袁少良著.-北京:科学技术文献出版社,2016.12(2017.7) |
| 117页:图;24cm |
| ISBN 978-7-5189-2194-2:CNY42.00 |
| 本书主要是应用分支与混沌理论,分析2类连续与离散二维动力系统的分支与混沌情况。有利于加深数学专业的高年级本科生与研究生对动力系统分支与混沌理论的理解与应用。 |
| ● |
| 相关链接 |
|
|
|
|
正题名:分支与混沌在二维动力学模型中的应用
索取号:O19/58
 
预约/预借
| 序号 | 登录号 | 条形码 | 馆藏地/架位号 | 状态 | 备注 |
| 1 | 1020096 | 210200968 | 第二样本阅览室/ [索取号:O19/58] | 在馆 | |
| 2 | 1020097 | 210200977 | 数信系资料室/ [索取号:O19/58] | 在馆 | |
| 3 | 1020098 | 210200986 | 第三借阅区/ [索取号:O19/58] | 在馆 | |
| 4 | 1020099 | 210200995 | 第三借阅区/ [索取号:O19/58] | 在馆 | |
| 5 | 1020100 | 210201002 | 第三借阅区/ [索取号:O19/58] | 在馆 |